Museo Extremeño e Iberoamericano de Arte Contemporáneo, Badajoz. (Record no. 187419)

MARC details
000 -LEADER
campo de control de longitud fija 00774nam a2200205 i 4500
001 - NÚMERO DE CONTROL
campo de control 187419
003 - IDENTIFICADOR DE NÚMERO DE CONTROL
campo de control SpMaBN
005 - FECHA Y HORA DE LA ÚLTIMA TRANSACCIÓN
campo de control 20230906222922.0
008 - DATOS DE LONGITUD FIJA--INFORMACIÓN GENERAL
campo de control de longitud fija 170703s1995 sp ae |||| | spa d
020 ## - NÚMERO INTERNACIONAL ESTÁNDAR DEL LIBRO
Número Internacional Estándar del Libro 84-7671-281-2
080 ## - NÚMERO DE LA CLASIFICACIÓN DECIMAL UNIVERSAL
Número de la Clasificación Decimal Universal 7:069(460.253 B.)(091)
080 ## - NÚMERO DE LA CLASIFICACIÓN DECIMAL UNIVERSAL
Número de la Clasificación Decimal Universal 727(460.253 B.)(091)
245 00 - MENCIÓN DEL TÍTULO
Título Museo Extremeño e Iberoamericano de Arte Contemporáneo, Badajoz.
260 ## - PUBLICACIÓN, DISTRIBUCIÓN, ETC.
Lugar de publicación, distribución, etc. [Badajoz] :
Nombre del editor, distribuidor, etc. Consejería de Cultura y Patrimonio :
-- Editora Regional de Extremadura,
Fecha de publicación, distribución, etc. [1995]
300 ## - DESCRIPCIÓN FÍSICA
Extensión 269 p. :
Otras características físicas il. col. y n. ;
Dimensiones 24 x 30 cm.
546 ## - NOTA DE IDIOMA
Nota de lengua/lenguaje Textos en español y portugués.
610 27 - PUNTO DE ACCESO ADICIONAL DE MATERIA--NOMBRE DE ENTIDAD CORPORATIVA
Nombre de entidad corporativa o nombre de jurisdicción como elemento de entrada Museo Extremeño e Iberoamericano de Arte Contemporáneo.
9 (RLIN) 163332
710 1# - ENTRADA AGREGADA--NOMBRE DE ENTIDAD CORPORATIVA
Nombre de entidad corporativa o nombre de jurisdicción como elemento de entrada Extremadura.
Unidad subordinada Consejería de Cultura y Patrimonio.
9 (RLIN) 4051
852 ## - LOCALIZACIÓN
Ubicación ES-MaACL
Número de control de estantería L-31760
Holdings
Estatus retirado Estado de pérdida Estado de daño No para préstamo Biblioteca de origen Biblioteca actual Ubicación en estantería Fecha de adquisición Fuente de adquisición Total de préstamos Signatura topográfica completa Código de barras Visto por última vez Precio de reemplazo Tipo de ítem Koha
        Biblioteca del Ateneo de Madrid Biblioteca del Ateneo de Madrid Depósito 2 03/07/2017     L-31760 1197839 23/02/2023 23/02/2023 Libro impreso